000 03538nam a2200541Ia 4500
001 295
008 241029s9999 xx 000 0 und d
010 _a263
041 _aEspañol
082 _a4
245 0 _aDiseño del curso de Espermatograma en la plataforma Moodle y evaluación de los participantes, Facultad de Ciencias de la Salud, Universidad Autónoma de santo Domingo, 2010.
260 _aSanto Domingo
300 _a64
520 _a8
630 _aEvaluación
650 _aTecnología Educativa
690 _aElaborado
700 _easesor
_aAguasvivas, Rafael
700 _eautor
_aPolanco, Jocelyn A.
700 _eautor
_aRoques, Mariolga
700 _easesor
_aGrullón, Dionisio
901 _a{"1":"Polanco","2":"Roques"}
_b{"1":"Jocelyn A.","2":"Mariolga"}
902 _a2
903 _a{"1":"Grullón","2":"Aguasvivas"}
_b{"1":"Dionisio","2":"Rafael"}
904 _aMaestría en
905 _aTecnología Educativa
906 _a2
907 _aNO APLICA
908 _aNO APLICA
909 _aUniversidad Autónoma de Santo Domingo (UASD)
910 _aNULL
_bNULL
911 _a["1"]
912 _aNO APLICA
913 _aNULL
914 _a04 de Abril de 2014
915 _a05/12/19 11:12
916 _aNULL
917 _aNULL
918 _aNO APLICA
919 _a["97"]
520 _aEl objetivo general de este estudio consistió en diseñar e implementar el curso de Espermatograma en la plataforma Moodle y la evaluación de los participantes. Estableció entre sus objetivos específicos además, describir la efectividad del uso de la plataforma Moodle, determinar las principales ventajas, desventajas y limitaciones observadas por los profesores y participantes en el uso de Espermatograma. El estudio fue de tipo descriptivo. Se involucró a once (11) estudiantes de término de la Escuela de Bionálisis escogidos por conveniencia mediante entrevista con preguntas abiertas, ya que para la implementación de este curso los participantes tenían que dominar el Internet y dominar el paquete Office, y se trabajó con una plataforma Moodle para el diseño del curso de Espermatograma, para ser utilizado en la Escuela de Bionálisis, Facultad Ciencias de la Salud, Universidad Autónoma de Santo Domingo. Se le suministró un cuestionario de pre-conocimiento para evaluar los saberes previos sobre el tema y poder comparar los resultados al finalizar el curso. Durante el curso se le asignaron: apareo, examen final, foros e informes de lectura.Entre las conclusiones planteadas en este estudio se encuentran: la plataforma Moodle es de fácil manejo, ya que se incorporan todos los elementos necesarios para la implementación del curso, incluyendo presentaciones diapositivas, manual de espermatograma, videos, evaluación de pre-conocimiento. Se debe adiestrar a los estudiantes antes de tomar el curso sobre la plataforma para que puedan realizar sus actividades; el objetivo de cualquier curso virtual es lograr el auto aprendizaje, el cual se logra a través de la motivación, si no hay motivación no hay aprendizaje de parte del participante. En consecuencia, se recomendó involucrar docentes que tengan preparación en entornos virtuales y en la plataforma Moodle, informáticos, personal que manejan videos, multimedia y personal que realicen los contenidos. Agregar a los cursos el Manual Moodle para estudiantes, entre otras.
921 _a24
922 _a24
923 _a0
924 _aNO APLICA
942 _cTesis
999 _c263
_d263